000 00744nam a2200253 a 4500
001 62860
003 BD-RJUL
005 20211209081132.0
008 170126s2003 enkb 000 1 eng d
020 _a4925080636 (cover)
020 _a4925080633 (t.p. verso)
035 _a(BD-RJUL)62988
040 _aLWU
_cLWU
_dIXA
_dBD-RJUL
_beng
041 _aeng
082 _223
_a895.63
_bSON 2003
100 1 _aSono, Ayako,
_d1931-
_9186882
245 1 0 _aNo reason for murder /
_cAyako Sono ; translated by Edward Putzar.
260 _aLondon :
_bICG Musen,
_cc-19902003.
300 _a422 p. :
_bill, ;
_c22 cm.
650 _aSerial murderers -- Fiction
_9186883
700 1 _aPutzar, Edward.
_9186884
942 _2ddc
_cBK
999 _c62860
_d62860